000 01121naa a22003137a 4500
001 BR7703189
003 BR-BrBNA
005 20240918173959.0
007 ta
008 230509b bl.||||| |||| 00| 0 por d
040 _aBR-BrBNA
_bpor
_cBiblioteca Nacional de Agricultura
041 _a(Pt)
072 _aE50; P20
_b/G514
090 _aE50 BR7703189
100 1 _aCaiado, L. Di R.
245 1 _aExame da situacao atual da regiao centro-oeste, atividade humana e situacao dos componentes dos ecossistemas [Brasil]
260 3 _aBrasilia, DF (Brasil):
_c1977.
500 _aEncontros Regionais sobre Conservacao da Fauna e Recursos Faunisticos Brasilia, DF (Brasil): 1977. p. 239-245 (BR7703189-AM)E50
650 _aSociologia rural
650 _aRecurso da terra
650 _aColonizacao
650 _aMeio ambiente
650 _aNatureza
650 _aConservacao
650 _aCentro-oeste
773 0 _tEncontros Regionais sobre Conservacao da Fauna e Recursos Faunisticos
_wE50 BR7703189
_gBrasilia, DF (Brasil), 1977. p. 239-245
909 _a202404
_bLucia
_c55
_dLucia Elande
942 _cAM
_2AGRIS
999 _c308111
_d308111